El Tercer Mundo y los derechos humanos / Boustros Ghali

Gorde:
Xehetasun bibliografikoak
Egile nagusia: Ghali, Boutros
Formatua: Liburua
Hizkuntza:Spanish
Etiketak: Etiketa erantsi
Etiketarik gabe, Izan zaitez lehena erregistro honi etiketa jartzen!

MARC

LEADER 00000nam a22000007a 4500
003 cru CIDCACS/IIS
005 20170525151401.0
007 ta
008 170525s1989 pe ||||| |||| 00| 0 spa d
040 |c cru CIDCACS/IIS 
100 1 |9 4886  |a Ghali, Boutros 
245 1 3 |a El Tercer Mundo y los derechos humanos /  |b Boustros Ghali 
300 |a páginas 28-39 
773 0 |0 19374  |9 928  |a Comisión Andina de Juristas  |d Lima, Perú Comisión Andina de Juristas  |o 17661  |t Boletín / 
942 |2 ddc  |c PP 
999 |c 19401  |d 19401